[Event "II Open B"]
[Site "Pedavena ITA"]
[Date "2006.08.02"]
[Round "3"]
[White "Dal Broi, Marco"]
[Black "Ferlini, Claudio"]
[Result "1/2-1/2"]
[WhiteElo "1409"]
[BlackElo "1389"]
[PlyCount "78"]
[EventDate "2006.08.01"]

1. e4 e6 2. d4 d5 3. exd5 exd5 4. Nf3 Be6 5. c3 h6 6. h3 Nf6 7. Bd3 Bd6 8. Be3
Nbd7 9. Nbd2 O-O 10. Qc2 c5 11. c4 Rc8 12. b3 Re8 13. O-O Nb6 14. Rac1 Rc7 15.
Qb1 Qc8 16. Rfe1 Bxh3 17. dxc5 Bxc5 18. Bxc5 Rxe1+ 19. Rxe1 Rxc5 20. Nh2 Be6
21. b4 Rc7 22. c5 Na4 23. Qb3 Nxc5 24. bxc5 Rxc5 25. Qb1 Qd7 26. Rc1 b6 27.
Rxc5 bxc5 28. Qb8+ Qc8 29. Qb1 c4 30. Bc2 g6 31. Ndf3 Kg7 32. Nd4 Bd7 33. Nhf3
Qc7 34. Qe1 Qd6 35. g3 a6 36. Nh4 Ne4 37. Bxe4 dxe4 38. Qxe4 c3 39. Qd3 c2
1/2-1/2

[Event "II Open B"]
[Site "Pedavena ITA"]
[Date "2006.08.02"]
[Round "3"]
[White "Dalle Case, Rossano"]
[Black "De Bortoli, Thomas"]
[Result "1-0"]
[WhiteElo "1434"]
[BlackElo "1458"]
[PlyCount "61"]
[EventDate "2006.08.01"]

1. e4 c5 2. Nf3 Nc6 3. d4 cxd4 4. Nxd4 Nf6 5. Nc3 e5 6. Nf3 Bc5 7. Bc4 O-O 8.
O-O d6 9. h3 Re8 10. Ng5 Rf8 11. Kh1 h6 12. Nf3 Bd7 13. Na4 Bd4 14. Nxd4 Nxd4
15. Nc3 Bc6 16. f3 Ne6 17. Qe1 Nf4 18. Ne2 Nxe2 19. Bxe2 Qc7 20. Qg3 Nh5 21.
Qg4 Nf6 22. Qh4 Bd7 23. Bd3 Rad8 24. f4 exf4 25. Bxf4 Nh7 26. Qg3 g6 27. Bxh6
Rfe8 28. e5 dxe5 29. Bxg6 e4 30. Bxh7+ Kxh7 31. Qg7# 1-0

[Event "II Open B"]
[Site "Pedavena ITA"]
[Date "2006.08.02"]
[Round "3"]
[White "De Vettor, Maite"]
[Black "Baschirotto, Marco"]
[Result "0-1"]
[WhiteElo "1500"]
[BlackElo "1637"]
[PlyCount "78"]
[EventDate "2006.08.01"]

1. e4 d6 2. d4 Nf6 3. Bd3 g6 4. f4 Bg7 5. Nf3 O-O 6. h3 Na6 7. Be3 c5 8. c3
cxd4 9. cxd4 Nb4 10. Nc3 Nxd3+ 11. Qxd3 a6 12. g4 b5 13. e5 dxe5 14. fxe5 Nd5
15. Bg5 Bb7 16. Rd1 f6 17. exf6 exf6 18. Bc1 Qd6 19. Kf2 Rae8 20. Ne4 Qc6 21.
Nc5 Bc8 22. Rhe1 f5 23. Rxe8 Rxe8 24. g5 f4 25. Nh4 Ne3 26. Re1 Qd6 27. Nb3 Bb7
28. Bxe3 fxe3+ 29. Rxe3 Qh2+ 30. Kf1 Qh1+ 31. Kf2 Rf8+ 32. Nf3 Qh2+ 33. Ke1
Qg3+ 34. Kd2 Bxf3 35. Nc5 Qf2+ 36. Kc3 Bd5 37. Nxa6 Rc8+ 38. Nc5 Rxc5+ 39. Kb4
Rc1 0-1

[Event "II Open B"]
[Site "Pedavena ITA"]
[Date "2006.08.02"]
[Round "3"]
[White "Innocenti, Sandro"]
[Black "Azzinaro, Luca"]
[Result "1-0"]
[WhiteElo "1488"]
[BlackElo "1404"]
[PlyCount "115"]
[EventDate "2006.08.01"]

1. e4 e6 2. d4 d5 3. Nc3 Nf6 4. Bg5 dxe4 5. Nxe4 Be7 6. Ng3 O-O 7. Nf3 b6 8.
Be2 Bb7 9. O-O c5 10. dxc5 Bxc5 11. Bd3 h6 12. Bd2 Qc7 13. Qe2 Bd6 14. c4 Rd8
15. Bc3 Qe7 16. Rfe1 Nbd7 17. Rad1 Nc5 18. Bc2 Bc6 19. b3 Na6 20. Bb1 Re8 21.
Qb2 Bxf3 22. gxf3 Bxg3 23. fxg3 Nc5 24. Rd2 Rad8 25. Red1 Rxd2 26. Rxd2 e5 27.
Re2 Nfd7 28. Kg2 f6 29. Qc2 Nf8 30. b4 Nce6 31. Rd2 Qc7 32. Qe4 Rd8 33. Rxd8
Qxd8 34. Bc2 Qd7 35. Qd5 Qxd5 36. cxd5 Nd8 37. Kf2 Kf7 38. Ke3 Ke7 39. h4 Kd6
40. Bb3 Ng6 41. Ke4 Ne7 42. g4 g6 43. Bd2 Nf7 44. a4 f5+ 45. gxf5 gxf5+ 46. Kd3
Nxd5 47. h5 Nd8 48. Bxd5 Kxd5 49. Bxh6 Ke6 50. Bg7 Nf7 51. h6 Ng5 52. Ke3 f4+
53. Kd3 Kf5 54. a5 b5 55. a6 Ke6 56. Bf8 Kf7 57. Bc5 Nxf3 58. Bxa7 1-0

[Event "II Open B"]
[Site "Pedavena ITA"]
[Date "2006.08.02"]
[Round "3"]
[White "Londero, Marco"]
[Black "Sanavio, Giancarlo"]
[Result "0-1"]
[WhiteElo "1514"]
[BlackElo "1799"]
[PlyCount "59"]
[EventDate "2006.08.01"]

1. e4 d5 2. exd5 Nf6 3. Nc3 Nxd5 4. Bc4 Nb6 5. Bb3 c5 6. d3 Nc6 7. a3 Nd4 8.
Ba2 g6 9. Nge2 Bg7 10. O-O O-O 11. Ng3 e5 12. Re1 Re8 13. Nce2 Bg4 14. c3 Bxe2
15. Nxe2 Ne6 16. Be3 Rc8 17. Bxe6 Rxe6 18. Qc2 Nd5 19. Ng3 f5 20. Nf1 f4 21.
Bd2 g5 22. f3 Rh6 23. Rad1 Qb6 24. c4 Ne7 25. Bc3 Qe6 26. Re4 Ng6 27. Qa4 g4
28. fxg4 Qxg4 29. Qc2 Nh4 30. Qf2 0-1

[Event "II Open B"]
[Site "Pedavena ITA"]
[Date "2006.08.02"]
[Round "3"]
[White "Magis, Pierre"]
[Black "Scian, Nicola"]
[Result "1-0"]
[WhiteElo "1600"]
[BlackElo "1524"]
[PlyCount "78"]
[EventDate "2006.08.01"]

1. e4 e5 2. Nf3 Nc6 3. Bc4 Nf6 4. d3 Be7 5. c3 d5 6. exd5 Nxd5 7. O-O O-O 8.
Re1 Nb6 9. Bb3 Bf6 10. Be3 Bg4 11. Bc2 Nd5 12. Nbd2 Nxe3 13. Rxe3 Re8 14. Ne4
Be7 15. h3 Bh5 16. Ng3 Bg6 17. Nxe5 Nxe5 18. Rxe5 Qd6 19. d4 Bh4 20. Bxg6 Rxe5
21. Bxf7+ Kxf7 22. Qf3+ Qf6 23. Qxf6+ Kxf6 24. dxe5+ Kxe5 25. Re1+ Kd5 26. Nf5
Bf6 27. f3 Kc4 28. Rd1 g6 29. Ne3+ Kc5 30. Rd7 Re8 31. Ng4 Bh4 32. Rxc7+ Kd6
33. Rxh7 Bg3 34. Nh2 Re2 35. Nf1 Bf2+ 36. Kh2 Re1 37. Nd2 Ke5 38. Rxb7 Kf4 39.
Rf7+ Kg5 1-0

[Event "II Open B"]
[Site "Pedavena ITA"]
[Date "2006.08.02"]
[Round "3"]
[White "Merciari, Moreno"]
[Black "Bona, Massimiliano"]
[Result "1/2-1/2"]
[WhiteElo "1766"]
[BlackElo "1284"]
[PlyCount "50"]
[EventDate "2006.08.01"]

1. e4 c5 2. f4 d6 3. Bb5+ Bd7 4. Bxd7+ Qxd7 5. d3 e6 6. Nf3 Be7 7. Nc3 Nf6 8.
O-O O-O 9. e5 Nd5 10. Nxd5 exd5 11. Re1 Nc6 12. d4 Qe6 13. exd6 Qxd6 14. dxc5
Qxc5+ 15. Kh1 Bf6 16. Be3 d4 17. Bf2 Rfe8 18. Qd2 Rxe1+ 19. Rxe1 Qd5 20. b3 h6
21. Rd1 Rd8 22. a3 a5 23. Bh4 Bxh4 24. Nxh4 g5 25. fxg5 Qxg5 1/2-1/2

[Event "II Open B"]
[Site "Pedavena ITA"]
[Date "2006.08.02"]
[Round "3"]
[White "Reginato, Sabrina"]
[Black "Endrizzi, Matteo"]
[Result "1-0"]
[WhiteElo "1517"]
[BlackElo "1446"]
[PlyCount "77"]
[EventDate "2006.08.01"]

1. e4 e5 2. Nf3 Nc6 3. d4 exd4 4. Nxd4 Ne5 5. Nc3 b6 6. Be2 Bb7 7. f4 Nc6 8.
Nxc6 Bxc6 9. O-O Bc5+ 10. Kh1 Nf6 11. Bf3 O-O 12. Qd3 Qe7 13. a3 b5 14. Bd2 a6
15. Rae1 d6 16. e5 Bxf3 17. exf6 Bxg2+ 18. Kxg2 Qxf6 19. Be3 Bxe3 20. Rxe3 Rfc8
21. Nd5 Qd8 22. Ne7+ Kh8 23. Nxc8 Qxc8 24. Rh3 h6 25. f5 f6 26. Qe4 Rb8 27. Rg3
Qd7 28. Re1 a5 29. Re2 a4 30. Qe7 Qc6+ 31. Kg1 Rg8 32. Reg2 Qc5+ 33. Kh1 Qxf5
34. Qxc7 d5 35. Qa7 Qe4 36. Qe3 Qf5 37. Qxh6+ gxh6 38. Rxg8+ Kh7 39. R2g7# 1-0

[Event "II Open B"]
[Site "Pedavena ITA"]
[Date "2006.08.02"]
[Round "3"]
[White "Tavecchia, Mario"]
[Black "Puricelli, Roberto"]
[Result "1-0"]
[WhiteElo "1724"]
[BlackElo "1389"]
[PlyCount "37"]
[EventDate "2006.08.01"]

1. d4 d5 2. Nc3 e6 3. e4 Bb4 4. Nge2 dxe4 5. a3 Bxc3+ 6. Nxc3 Nf6 7. Bg5 Nc6 8.
Bb5 O-O 9. Bxc6 bxc6 10. Nxe4 Ba6 11. Nxf6+ gxf6 12. Bh6 f5 13. Bxf8 Qxf8 14.
Qf3 Qd6 15. Qg3+ Qxg3 16. hxg3 Rd8 17. O-O-O Rd5 18. Rhe1 f6 19. Rxe6 1-0

[Event "II Open B"]
[Site "Pedavena ITA"]
[Date "2006.08.02"]
[Round "3"]
[White "Trento, Giacomo"]
[Black "De Vettor, Marc"]
[Result "0-1"]
[WhiteElo "1552"]
[BlackElo "1700"]
[PlyCount "74"]
[EventDate "2006.08.01"]

1. e4 e6 2. d4 d5 3. Nc3 Nf6 4. Bg5 dxe4 5. Bxf6 Qxf6 6. Nxe4 Qf5 7. Bd3 Qa5+
8. c3 Be7 9. Nf3 Nd7 10. O-O O-O 11. Re1 h6 12. Re3 Qb6 13. h3 c5 14. d5 exd5
15. Ng3 Bf6 16. Qe2 c4 17. Bc2 Nc5 18. Nh5 g6 19. Nxf6+ Qxf6 20. Nd4 Bd7 21.
Rf3 Qd6 22. Qe3 Kg7 23. Rf4 Nd3 24. Bxd3 cxd3 25. Rd1 Rae8 26. Qg3 f5 27. Rxd3
g5 28. Rdf3 Qe5 29. Nb3 Kh7 30. Rb4 f4 31. Re3 fxg3 32. Rxe5 gxf2+ 33. Kf1 Rxe5
34. g4 Re1+ 35. Kg2 f1=Q+ 36. Kg3 Rf3+ 37. Kh2 Qf2# 0-1

[Event "II Open B"]
[Site "Pedavena ITA"]
[Date "2006.08.02"]
[Round "3"]
[White "Vigliaroli, Matteo"]
[Black "Delle Fave, Fabio"]
[Result "0-1"]
[WhiteElo "1463"]
[BlackElo "1747"]
[PlyCount "100"]
[EventDate "2006.08.01"]

1. d4 Nf6 2. c4 e6 3. Nc3 Bb4 4. Qc2 d5 5. e3 O-O 6. Bd2 Nbd7 7. Nf3 b6 8. cxd5
Nxd5 9. Bd3 Bb7 10. Bxh7+ Kh8 11. Be4 N7f6 12. Bxd5 Nxd5 13. e4 Nxc3 14. bxc3
Be7 15. O-O c5 16. Rfe1 Rc8 17. Qd3 Bf6 18. e5 Be7 19. Bf4 Bxf3 20. Qxf3 cxd4
21. Qh5+ Kg8 22. cxd4 Qxd4 23. Be3 Qa4 24. Red1 Rfd8 25. g3 Rxd1+ 26. Qxd1 Qc4
27. Rc1 Qa6 28. Rxc8+ Qxc8 29. f4 Qc3 30. Qc1 Qd3 31. Kf2 g6 32. h3 Qd5 33. Qd2
Qh1 34. h4 Qh2+ 35. Kf3 Qh3 36. Qg2 Qf5 37. g4 Qd3 38. h5 Kg7 39. Qd2 Qf1+ 40.
Qf2 Qh1+ 41. Qg2 Qxg2+ 42. Kxg2 gxh5 43. g5 Kg6 44. a4 Bc5 45. Bd2 a6 46. Bc3
Be3 47. Kf3 Bc1 48. Bd4 b5 49. axb5 axb5 50. Bc5 Kf5 0-1

[Event "II Open B"]
[Site "Pedavena ITA"]
[Date "2006.08.03"]
[Round "4"]
[White "Azzinaro, Luca"]
[Black "Vigliaroli, Matteo"]
[Result "0-1"]
[WhiteElo "1404"]
[BlackElo "1463"]
[PlyCount "57"]
[EventDate "2006.08.01"]

1. e4 c5 2. c3 Nc6 3. d4 cxd4 4. cxd4 e6 5. Nf3 Nf6 6. Bg5 Qa5+ 7. Bd2 Bb4 8.
Nc3 O-O 9. a3 Bxc3 10. Bxc3 Qb6 11. Bd3 d6 12. O-O e5 13. dxe5 dxe5 14. Nxe5
Nxe5 15. Bxe5 Re8 16. Bxf6 Qxf6 17. Qb3 Qg6 18. Rfe1 Bh3 19. g3 Qf6 20. Bc4
Rad8 21. Bf1 Bxf1 22. Kxf1 Rd2 23. Re2 Qa6 24. Qf3 Red8 25. Rc1 b6 26. Ke1 R2d3
27. Re3 g6 28. Rxd3 Rxd3 29. Rc7 0-1

[Event "II Open B"]
[Site "Pedavena ITA"]
[Date "2006.08.03"]
[Round "4"]
[White "Baschirotto, Marco"]
[Black "Tavecchia, Mario"]
[Result "1-0"]
[WhiteElo "1637"]
[BlackElo "1724"]
[PlyCount "66"]
[EventDate "2006.08.01"]

1. c4 e5 2. Nc3 Nc6 3. Nf3 g6 4. g3 Bg7 5. Bg2 d6 6. d3 Be6 7. O-O h6 8. Rb1
Qd7 9. Re1 Nf6 10. b4 Ne7 11. b5 O-O 12. Qa4 Qc8 13. Qb4 Nd7 14. a4 Rb8 15. a5
Nc5 16. Na4 Nxa4 17. Qxa4 a6 18. bxa6 bxa6 19. Bd2 Bd7 20. Qa3 Re8 21. Bc3 Nc6
22. Nd2 Kh7 23. c5 Bf8 24. cxd6 cxd6 25. Rxb8 Nxb8 26. Bd5 Be6 27. Bxe6 Rxe6
28. Rc1 Qb7 29. Rb1 Qa7 30. Qb3 Re8 31. Qd5 Qc5 32. Qxf7+ Bg7 33. Qxe8 Qxc3 1-0

[Event "II Open B"]
[Site "Pedavena ITA"]
[Date "2006.08.03"]
[Round "4"]
[White "Bona, Massimiliano"]
[Black "Trento, Giacomo"]
[Result "0-1"]
[WhiteElo "1284"]
[BlackElo "1552"]
[PlyCount "118"]
[EventDate "2006.08.01"]

1. c4 Nf6 2. Nc3 e5 3. g3 Nc6 4. Bg2 Bb4 5. e3 d6 6. Nge2 Be6 7. d3 d5 8. cxd5
Nxd5 9. Bd2 Qd7 10. a3 Be7 11. d4 exd4 12. exd4 O-O-O 13. Be3 Nxe3 14. fxe3 Bh3
15. O-O Bxg2 16. Kxg2 f5 17. Nf4 h5 18. d5 Ne5 19. Qd4 Ng4 20. h3 g5 21. Ne6
Qxe6 22. dxe6 Rxd4 23. exd4 Ne3+ 24. Kf2 Nxf1 25. Rxf1 c6 26. Ke2 Rf8 27. Kd3
Bd6 28. Rg1 Kc7 29. g4 fxg4 30. hxg4 h4 31. Ne4 Be7 32. Rg2 Rf3+ 33. Ke2 Rb3
34. Kf1 Re3 35. Re2 Rxe2 36. Kxe2 Kb6 37. Nc3 a6 38. b4 a5 39. b5 Kc7 40. a4
Kd6 41. Ke3 Kxe6 42. Ke4 Bf6 43. d5+ cxd5+ 44. Nxd5 h3 45. Nc7+ Kd7 46. Kf3
Kxc7 47. Kg3 Kd6 48. Kxh3 Kc5 49. Kg3 Kb4 50. Kf3 Kxa4 51. b6 Kb5 52. Ke4 a4
53. Kd3 a3 54. Ke4 a2 55. Kf5 a1=Q 56. Kg6 Qe5 57. Kh5 Qe8+ 58. Kh6 Qg8 59. Kh5
Qh7# 0-1

[Event "II Open B"]
[Site "Pedavena ITA"]
[Date "2006.08.03"]
[Round "4"]
[White "Bortolotto, Denzio"]
[Black "Magis, Pierre"]
[Result "0-1"]
[WhiteElo "1461"]
[BlackElo "1600"]
[PlyCount "86"]
[EventDate "2006.08.01"]

1. e4 c5 2. Nf3 d6 3. d4 cxd4 4. Nxd4 Nf6 5. Nc3 a6 6. Be2 e6 7. g4 h6 8. Be3
Be7 9. Qd2 b5 10. a3 Bb7 11. f3 Nc6 12. Nxc6 Bxc6 13. Bd3 Qc7 14. Ne2 d5 15.
Ng3 Bd6 16. Nh5 Nxh5 17. gxh5 dxe4 18. Bxe4 Bxe4 19. fxe4 Be5 20. Bd4 Rd8 21.
c3 Bf4 22. Qf2 Rd7 23. O-O Be5 24. Rad1 Bxd4 25. Rxd4 O-O 26. Rfd1 Rfd8 27.
Rxd7 Rxd7 28. Rxd7 Qxd7 29. Qd4 Qxd4+ 30. cxd4 Kf8 31. Kf2 Ke7 32. e5 Kd7 33.
Ke3 Kc6 34. b4 Kd5 35. Kd3 f6 36. exf6 gxf6 37. h3 f5 38. h4 f4 39. Ke2 Kxd4
40. Kf3 e5 41. Ke2 e4 42. Kd2 f3 43. Ke1 e3 0-1

[Event "II Open B"]
[Site "Pedavena ITA"]
[Date "2006.08.03"]
[Round "4"]
[White "Dal Pra Caputo, Stefano"]
[Black "De Vettor, Maite"]
[Result "1/2-1/2"]
[WhiteElo "1461"]
[BlackElo "1500"]
[PlyCount "82"]
[EventDate "2006.08.01"]

1. d4 e6 2. Nf3 d5 3. Bf4 c5 4. e3 Nc6 5. c3 Nf6 6. Bd3 Be7 7. Nbd2 a6 8. a4 c4
9. Bc2 Bd7 10. Ne5 b5 11. axb5 axb5 12. Rxa8 Qxa8 13. g4 Nxe5 14. Bxe5 O-O 15.
f4 Ne8 16. g5 g6 17. h4 f6 18. gxf6 Nxf6 19. Bxf6 Rxf6 20. Nf3 Qa2 21. Qb1
Qxb1+ 22. Bxb1 b4 23. h5 Be8 24. Rg1 bxc3 25. bxc3 Ba3 26. hxg6 Bxg6 27. Bxg6
Rxg6 28. Rxg6+ hxg6 29. Kd2 Kg7 30. Ng5 Kf6 31. Kc2 Kf5 32. Kd2 Be7 33. Nf3 Ke4
34. Ke2 Kf5 35. Kd2 g5 36. fxg5 Bxg5 37. Ke2 Bh6 38. Nd2 e5 39. e4+ Ke6 40.
exd5+ Kxd5 41. Nxc4 exd4 1/2-1/2

[Event "II Open B"]
[Site "Pedavena ITA"]
[Date "2006.08.03"]
[Round "4"]
[White "De Bortoli, Thomas"]
[Black "Buzzatti, Matteo"]
[Result "1-0"]
[WhiteElo "1458"]
[BlackElo "1473"]
[PlyCount "107"]
[EventDate "2006.08.01"]

1. e4 c5 2. Nf3 d6 3. c3 Nc6 4. d4 e6 5. Be3 Nf6 6. Nbd2 cxd4 7. cxd4 Qa5 8. a3
d5 9. e5 Ne4 10. b4 Qd8 11. Nxe4 dxe4 12. Ng5 f6 13. exf6 Qxf6 14. Nxe4 Qe7 15.
Bc4 g6 16. Bg5 Qc7 17. Qf3 Be7 18. Bxe7 Qxe7 19. Qc3 e5 20. dxe5 Nxe5 21. O-O
Rf8 22. Rfe1 Rf4 23. Rad1 Kf8 24. Ng3 Kg7 25. Nf5+ Bxf5 26. Qxe5+ Qxe5 27. Rxe5
b6 28. Rde1 Rc8 29. Be6 Bxe6 30. Rxe6 Rc2 31. Re7+ Kh6 32. Rxa7 Ra2 33. h3 Rd2
34. Ree7 Rd1+ 35. Kh2 Kg5 36. Rxh7 Ra1 37. h4+ Kf5 38. Raf7+ Ke6 39. Ra7 Kd5
40. Rh6 Kc4 41. Rxg6 Kd4 42. Rg5 Kc4 43. Rc7+ Kb3 44. Rg3+ Kb2 45. h5 Rxa3 46.
Rxa3 Kxa3 47. h6 Kxb4 48. h7 Ka5 49. h8=Q b5 50. Qh5 Kb6 51. Rc5 Ka6 52. Rxb5
Ka7 53. Qh7+ Ka6 54. Qb7# 1-0

[Event "II Open B"]
[Site "Pedavena ITA"]
[Date "2006.08.03"]
[Round "4"]
[White "De Vettor, Marc"]
[Black "Bettini, Alessandro"]
[Result "1/2-1/2"]
[WhiteElo "1700"]
[BlackElo "1739"]
[PlyCount "36"]
[EventDate "2006.08.01"]

1. d4 d6 2. c4 e5 3. dxe5 dxe5 4. Qxd8+ Kxd8 5. Nc3 c6 6. e4 Be6 7. Nf3 f6 8.
Be3 Nd7 9. Be2 Bc5 10. Bxc5 Nxc5 11. O-O-O+ Kc7 12. Rd2 Nh6 13. h3 Rad8 14.
Rhd1 Rxd2 15. Rxd2 a5 16. b3 Rd8 17. Rxd8 Kxd8 18. Kd2 Nf7 1/2-1/2

[Event "II Open B"]
[Site "Pedavena ITA"]
[Date "2006.08.03"]
[Round "4"]
[White "Delle Fave, Fabio"]
[Black "Innocenti, Sandro"]
[Result "0-1"]
[WhiteElo "1747"]
[BlackElo "1488"]
[PlyCount "132"]
[EventDate "2006.08.01"]

1. e4 c5 2. Nf3 e6 3. d4 cxd4 4. Nxd4 a6 5. Bd3 Nf6 6. Be3 Be7 7. Nd2 O-O 8.
O-O Nc6 9. c3 Ne5 10. Be2 b5 11. f3 Bb7 12. N2b3 d5 13. f4 Nc4 14. Bxc4 dxc4
15. Nd2 Nxe4 16. a4 Bc5 17. Qc2 Nxd2 18. Qxd2 Qd5 19. Qe2 Qe4 20. Nc2 Rfd8 21.
Qf2 Bxe3 22. Nxe3 Rd3 23. Rfe1 Qc6 24. axb5 axb5 25. Rxa8+ Bxa8 26. f5 e5 27.
Rd1 Rxd1+ 28. Nxd1 Qe4 29. Qd2 Qd3 30. Qxd3 cxd3 31. Kf2 f6 32. g4 g6 33. Ne3
Kf7 34. h4 h5 35. gxh5 gxh5 36. b3 Be4 37. c4 bxc4 38. bxc4 Ke7 39. Ke1 Kd6 40.
Kd2 Kc5 41. Kc3 Kc6 42. Kb4 d2 43. Kc3 d1=Q 44. Nxd1 Bxf5 45. Ne3 Be6 46. Kd3
f5 47. Nc2 Kc5 48. Ne3 f4 49. Nd1 Bxc4+ 50. Ke4 Kd6 51. Nc3 Ke6 52. Kf3 Bd5+
53. Kf2 e4 54. Nb5 e3+ 55. Ke1 Bc4 56. Nd4+ Ke5 57. Nf3+ Kf5 58. Kd1 Ke4 59.
Ng5+ Kf5 60. Nf3 Ba6 61. Nd4+ Kg4 62. Ne6 f3 63. Nc5 Be2+ 64. Ke1 Bc4 65. Ne4
Bd3 66. Nc5 f2+ 0-1

[Event "II Open B"]
[Site "Pedavena ITA"]
[Date "2006.08.03"]
[Round "4"]
[White "Endrizzi, Matteo"]
[Black "Dal Broi, Marco"]
[Result "0-1"]
[WhiteElo "1446"]
[BlackElo "1409"]
[PlyCount "62"]
[EventDate "2006.08.01"]

1. e4 e5 2. Nf3 Nc6 3. Bc4 Bc5 4. O-O Nf6 5. d3 h6 6. Nc3 d6 7. Bd2 Bg4 8. Be3
Nd4 9. Bxd4 Bxd4 10. Rb1 a6 11. Qe2 O-O 12. Nd1 c6 13. c3 Ba7 14. Ne3 Bxe3 15.
fxe3 d5 16. Bb3 dxe4 17. dxe4 Nxe4 18. Rbd1 Qc7 19. Bc2 Nf6 20. Qd3 e4 21. Qc4
exf3 22. gxf3 Be6 23. Qe2 b5 24. f4 Bc4 25. Bd3 Bxd3 26. Rxd3 Rfe8 27. Rf3 Nd5
28. Qg2 Nf6 29. Rd2 Rad8 30. Re2 Rd1+ 31. Kf2 Ne4# 0-1

[Event "II Open B"]
[Site "Pedavena ITA"]
[Date "2006.08.03"]
[Round "4"]
[White "Ferlini, Claudio"]
[Black "Londero, Marco"]
[Result "0-1"]
[WhiteElo "1389"]
[BlackElo "1514"]
[PlyCount "96"]
[EventDate "2006.08.01"]

1. Nf3 d5 2. d4 Nc6 3. c4 e6 4. Nc3 Nf6 5. Bg5 Be7 6. cxd5 exd5 7. Qc2 O-O 8.
e3 Nb4 9. Qb3 Bf5 10. Rc1 Bd3 11. Bxf6 gxf6 12. Be2 Bxe2 13. Nxe2 Rb8 14. a3
Na6 15. O-O Re8 16. Nf4 c6 17. Qd3 Kh8 18. Nh4 Rg8 19. Nf5 Bf8 20. Rfd1 Nc7 21.
b4 a6 22. Qe2 Ne6 23. Nh5 Ng5 24. Nhg3 Qd7 25. h4 Ne4 26. Qf3 Re8 27. Qf4 Qe6
28. Re1 Nxg3 29. fxg3 Rg6 30. g4 Qe4 31. g5 fxg5 32. Qxe4 Rxe4 33. Ng3 Rxh4 34.
e4 dxe4 35. Rcd1 Bd6 36. Nxe4 Bh2+ 37. Kf1 Rf4+ 38. Nf2 Rgf6 39. Re2 Bg3 40.
Rdd2 Bxf2 41. Rxf2 Rxf2+ 42. Rxf2 Rxf2+ 43. Kxf2 Kg7 44. Kf3 h5 45. g4 Kf6 46.
Ke4 Ke6 47. Kf3 f5 48. Ke3 h4 0-1

[Event "II Open B"]
[Site "Pedavena ITA"]
[Date "2006.08.03"]
[Round "4"]
[White "Giorgiutti, Jacopo"]
[Black "Bisaro, Andrea"]
[Result "0-1"]
[WhiteElo "1413"]
[BlackElo "1608"]
[PlyCount "100"]
[EventDate "2006.08.01"]

1. e4 g6 2. d4 Bg7 3. c4 c5 4. Nf3 cxd4 5. Nxd4 Nc6 6. Nf3 Qa5+ 7. Bd2 Qb6 8.
Nc3 Nd4 9. Nd5 Nxf3+ 10. Qxf3 Qd8 11. Bc3 Bxc3+ 12. Qxc3 f6 13. e5 d6 14. exf6
Nxf6 15. Be2 O-O 16. O-O Nxd5 17. cxd5 Qb6 18. Rac1 Rf7 19. b3 e5 20. dxe6 Bxe6
21. Bc4 Rc8 22. Qd3 d5 23. Bxd5 Rxc1 24. Rxc1 Qxf2+ 25. Kh1 Bxd5 26. Rc8+ Kg7
27. Qc3+ Qf6 28. Qxf6+ Kxf6 29. h3 Re7 30. Rc1 Re2 31. Rd1 Bxg2+ 32. Kg1 Bxh3
33. Rd5 Bf5 34. Rd6+ Re6 35. Rd8 h5 36. Rb8 b6 37. Rb7 Re7 38. Rb8 Kg5 39. Kg2
Kf4 40. Kf2 g5 41. Rf8 h4 42. Rf6 h3 43. Rh6 g4 44. Rh4 Rh7 45. Rxh7 Bxh7 46.
a4 g3+ 47. Kg1 Kf3 48. a5 h2+ 49. Kh1 Kf2 50. axb6 Be4# 0-1

[Event "II Open B"]
[Site "Pedavena ITA"]
[Date "2006.08.03"]
[Round "4"]
[White "Pavei, Deborah"]
[Black "Dalle Case, Rossano"]
[Result "1-0"]
[WhiteElo "1395"]
[BlackElo "1434"]
[PlyCount "61"]
[EventDate "2006.08.01"]

1. e4 c5 2. Nf3 d6 3. d4 cxd4 4. Nxd4 Nf6 5. Nc3 a6 6. Nf3 g6 7. e5 Ng4 8. exd6
exd6 9. Bc4 Be6 10. Bxe6 fxe6 11. Qd4 e5 12. Qxg4 Bg7 13. Qe6+ Qe7 14. Qxe7+
Kxe7 15. Nd5+ Kf7 16. Nc7 e4 17. Nxa8 exf3 18. gxf3 Nd7 19. Nc7 Rc8 20. Nd5 Ne5
21. c3 Nxf3+ 22. Ke2 Nh4 23. Be3 Re8 24. Kd3 Nf3 25. h4 Re5 26. c4 b5 27. Rh3
bxc4+ 28. Kxc4 Re4+ 29. Kd3 Rxh4 30. Rxf3+ Kg8 31. Rc1 1-0

[Event "II Open B"]
[Site "Pedavena ITA"]
[Date "2006.08.03"]
[Round "4"]
[White "Reginato, Sabrina"]
[Black "Merciari, Moreno"]
[Result "1/2-1/2"]
[WhiteElo "1517"]
[BlackElo "1766"]
[PlyCount "93"]
[EventDate "2006.08.01"]

1. e4 d5 2. exd5 Qxd5 3. Nc3 Qa5 4. d4 c6 5. Nf3 Bg4 6. h3 Bxf3 7. Qxf3 Nf6 8.
Bd2 Qb6 9. Qd3 e6 10. O-O-O Nbd7 11. g4 Be7 12. Be2 Qc7 13. f4 O-O-O 14. Kb1
Nb6 15. Bf3 Bd6 16. g5 Nfd5 17. Bxd5 Nxd5 18. Nxd5 exd5 19. Qf5+ Qd7 20. Qxd7+
Kxd7 21. Rde1 Rde8 22. Kc1 Rxe1+ 23. Rxe1 Re8 24. Kd1 Rxe1+ 25. Kxe1 Ke6 26.
Kf2 Kf5 27. Kf3 Be7 28. Be3 a6 29. c3 f6 30. h4 fxg5 31. fxg5 Bd6 32. Bd2 c5
33. a3 c4 34. Bc1 Be7 35. Be3 h6 36. gxh6 gxh6 37. Bxh6 Bxh4 38. a4 b6 39. Bf8
Bg5 40. Ba3 Bc1 41. Ke2 Ke4 42. Kd1 Bg5 43. Kc2 b5 44. axb5 axb5 45. b3 Be3 46.
bxc4 bxc4 47. Bc5 1/2-1/2

[Event "II Open B"]
[Site "Pedavena ITA"]
[Date "2006.08.03"]
[Round "4"]
[White "Sanavio, Giancarlo"]
[Black "Cocuzzi, Edoardo"]
[Result "0-1"]
[WhiteElo "1799"]
[BlackElo "1689"]
[PlyCount "98"]
[EventDate "2006.08.01"]

1. Nf3 Nc6 2. d4 d5 3. c4 e6 4. Nc3 Nf6 5. Bg5 Bb4 6. e3 h6 7. Bh4 g5 8. Bg3
Ne4 9. Qc2 h5 10. Bd3 h4 11. Be5 f6 12. Bxe4 dxe4 13. Qxe4 fxe5 14. Qg6+ Kf8
15. Nxg5 Qe7 16. O-O Bxc3 17. bxc3 exd4 18. exd4 Nd8 19. f4 Qg7 20. Qe4 Rh6 21.
Rae1 Nf7 22. d5 Nd6 23. Qd3 exd5 24. c5 Nf5 25. Qxd5 Qd7 26. Ne6+ Rxe6 27.
Qxf5+ Qf7 28. Qg5 Qe7 29. Rxe6 Bxe6 30. Qh6+ Ke8 31. Re1 Kd7 32. Kh1 Rf8 33.
Rd1+ Kc8 34. Re1 Kd7 35. Rd1+ Kc6 36. Re1 Rf6 37. Qxh4 Qf7 38. g3 Bxa2 39. Kg1
Re6 40. Rd1 Qe7 41. Qh8 Re1+ 42. Rxe1 Qxe1+ 43. Kg2 Qe2+ 44. Kg1 Bd5 45. Qh6+
Kb5 46. Qh3 Qe3+ 47. Kf1 Bc4+ 48. Kg2 Qe2+ 49. Kg1 Qe1+ 0-1

[Event "II Open B"]
[Site "Pedavena ITA"]
[Date "2006.08.03"]
[Round "4"]
[White "Scian, Nicola"]
[Black "Puricelli, Roberto"]
[Result "1-0"]
[WhiteElo "1524"]
[BlackElo "1389"]
[PlyCount "111"]
[EventDate "2006.08.01"]

1. e4 e5 2. Nf3 Nf6 3. d3 d6 4. c3 Be7 5. Qc2 O-O 6. Be2 Bg4 7. Nbd2 c5 8. Nf1
Bxf3 9. Bxf3 Re8 10. Bg5 Nfd7 11. Bd2 Bg5 12. Ne3 Nb6 13. O-O N8d7 14. a4 a5
15. g3 Nf6 16. Bg2 Bxe3 17. Bxe3 Ng4 18. Bd2 c4 19. d4 Qc7 20. h3 Nf6 21. f4
Nfd7 22. Kh2 exd4 23. cxd4 d5 24. e5 Nf8 25. f5 Qd7 26. Ra3 Qc6 27. Raf3 Qxa4
28. Qxa4 Nxa4 29. Ra3 Nxb2 30. Bxd5 Red8 31. Bxb7 Rab8 32. Bxa5 Rxd4 33. Bc3
Rd3 34. Bg2 Nd1 35. Bb4 Rxa3 36. Bxa3 Ne3 37. Rc1 Rb3 38. Bc5 Nxg2 39. Kxg2 Nd7
40. Bd6 c3 41. Kf3 f6 42. e6 Ne5+ 43. Bxe5 fxe5 44. Ke4 Kf8 45. Kxe5 Ke7 46. g4
h6 47. h4 Rb5+ 48. Kf4 Rc5 49. Ke4 c2 50. Kd3 h5 51. Rxc2 Rd5+ 52. Ke4 Kd6 53.
gxh5 Rc5 54. Rd2+ Ke7 55. Rd7+ Kf6 56. Rf7# 1-0

[Event "II Open B"]
[Site "Pedavena ITA"]
[Date "2006.08.04"]
[Round "5"]
[White "Bettini, Alessandro"]
[Black "Baschirotto, Marco"]
[Result "1/2-1/2"]
[WhiteElo "1739"]
[BlackElo "1637"]
[PlyCount "92"]
[EventDate "2006.08.01"]

1. c4 c6 2. Nf3 d5 3. cxd5 cxd5 4. d4 Nc6 5. Nc3 Nf6 6. e3 Bf5 7. Bd3 Bxd3 8.
Qxd3 e6 9. O-O a6 10. a3 Bd6 11. b4 O-O 12. Bb2 b5 13. Rfe1 Rc8 14. Nd2 e5 15.
dxe5 Nxe5 16. Qf5 g6 17. Qb1 Nc4 18. Nxc4 dxc4 19. g3 Re8 20. Qc2 Bf8 21. Rad1
Qe7 22. Nd5 Nxd5 23. Rxd5 Red8 24. Qc3 f6 25. Red1 Bg7 26. Qd4 Rxd5 27. Qxd5+
Qf7 28. Qxf7+ Kxf7 29. Rd7+ Kg8 30. Bc3 Rc6 31. g4 h6 32. h4 Bf8 33. f4 f5 34.
gxf5 gxf5 35. h5 Rd6 36. Rxd6 Bxd6 37. Kf2 Kf7 38. Kf3 Be7 39. Bb2 Bf6 40. Bc1
Ke6 41. e4 fxe4+ 42. Kxe4 Bg7 43. f5+ Kd6 44. Bf4+ Kd7 45. Bc1 Kd6 46. Kf4 Kd7
1/2-1/2